[Event "Accession Rochefort 2020"]
[Site "Palais des Congres Rochefort"]
[Date "2020.02.22"]
[Round "1.1"]
[White "Giraud, Stephane"]
[Black "Equey, Daniel"]
[Result "1-0"]
[WhiteElo "1943"]
[BlackElo "1506"]
[PlyCount "55"]
[EventDate "2020.??.??"]
[WhiteTeam "Club d'Echecs de Marennes-Oleron"]
[BlackTeam "La Tour de Germanicus"]

1. e4 c5 2. Nc3 Nc6 3. g3 d6 4. Bg2 Nf6 5. d3 g6 6. h3 Bg7 7. Be3 O-O 8. Qd2
Nd4 9. Nce2 e5 10. c3 Nc6 11. f4 exf4 12. Nxf4 Ne5 13. Nf3 Nfd7 14. Nxe5 Nxe5
15. O-O Bh6 16. b3 f5 17. d4 g5 18. dxe5 gxf4 19. Bxf4 Bxf4 20. Qd5+ Kh8 21.
Rxf4 Qg5 22. Qxd6 Rg8 23. exf5 Qxg3 24. Qf6+ Qg7 25. Qxg7+ Rxg7 26. f6 Rg5 27.
f7 Bf5 28. Raf1 1-0

[Event "Accession Rochefort 2020"]
[Site "Palais des Congres Rochefort"]
[Date "2020.02.22"]
[Round "1.2"]
[White "Delabbey, Olivier"]
[Black "Neau, Julien"]
[Result "0-1"]
[WhiteElo "1503"]
[BlackElo "1940"]
[PlyCount "64"]
[EventDate "2020.??.??"]
[WhiteTeam "Echiquier Rochefortais"]
[BlackTeam "Echiquier Poitevin"]

1. e4 d6 2. d4 Nf6 3. Nc3 g6 4. Nf3 Bg7 5. Bc4 O-O 6. h3 Nxe4 7. Bxf7+ Rxf7 8.
Nxe4 d5 9. Ng3 c5 10. c3 cxd4 11. Nxd4 e5 12. Nf3 Nc6 13. O-O h6 14. Qc2 Qf6
15. Bd2 Bf5 16. Nxf5 gxf5 17. Rad1 Rd8 18. Qc1 f4 19. Kh1 e4 20. Nh2 Qh4 21.
Ng4 h5 22. Bxf4 hxg4 23. Bg5 Qh5 24. Bxd8 gxh3 25. Qg5 hxg2+ 26. Kxg2 Qf3+ 27.
Kg1 Rf4 28. Kh2 Rf5 29. Qg2 Qh5+ 30. Kg1 Nxd8 31. Qh2 Rg5+ 32. Kh1 Qf3+ 0-1

[Event "Accession Rochefort 2020"]
[Site "Palais des Congres Rochefort"]
[Date "2020.02.22"]
[Round "1.3"]
[White "Fruteau, Sabine"]
[Black "Gelibter, Marc"]
[Result "1-0"]
[WhiteElo "1939"]
[BlackElo "1501"]
[PlyCount "91"]
[EventDate "2020.??.??"]
[WhiteTeam "Orcher la Tour"]
[BlackTeam "Tour Blanche Echecs"]

1. e4 e6 2. d4 d5 3. Nc3 Nf6 4. e5 Nfd7 5. f4 c5 6. Nce2 cxd4 7. Nxd4 a6 8.
Ngf3 Nc6 9. c3 Be7 10. Bd3 Qc7 11. O-O b5 12. Nxc6 Qxc6 13. Nd4 Qc7 14. Qe1 Nb6
15. f5 exf5 16. Bxf5 Bc5 17. Bxc8 Nxc8 18. Qg3 g6 19. e6 Qxg3 20. exf7+ Ke7 21.
hxg3 Nd6 22. Bg5+ Kd7 23. b4 Bxd4+ 24. cxd4 Rhf8 25. Rae1 Ne4 26. Bh6 Nxg3 27.
Bxf8 Rxf8 28. Rf6 Ne4 29. Rxa6 Nd6 30. Ra7+ Kc6 31. Ree7 Kb6 32. Rad7 Kc6 33.
Rc7+ Kb6 34. Rc5 Nf5 35. Re6+ Kb7 36. Rxb5+ Kc7 37. Rxd5 Rxf7 38. a4 Ne7 39.
Rc5+ Kd8 40. Rd6+ Ke8 41. Rc7 Rf4 42. Re6 Rf7 43. a5 Kd8 44. Rcxe7 Rxe7 45.
Rxe7 Kxe7 46. a6 1-0

[Event "Accession Rochefort 2020"]
[Site "Palais des Congres Rochefort"]
[Date "2020.02.22"]
[Round "1.4"]
[White "Cyrille, Dominique"]
[Black "Grandmougin, Olivier"]
[Result "0-1"]
[WhiteElo "1499"]
[BlackElo "1893"]
[PlyCount "46"]
[EventDate "2020.??.??"]
[WhiteTeam "La Tour de Germanicus"]
[BlackTeam "Echiquier Commingeois"]

1. e4 e6 2. d4 d5 3. exd5 exd5 4. Bd3 Bd6 5. Nf3 Nf6 6. O-O O-O 7. Bg5 Bg4 8.
Nbd2 Nbd7 9. c4 dxc4 10. Nxc4 Be7 11. Re1 Re8 12. Rc1 Nf8 13. Nce5 Bh5 14. Qb3
Nd5 15. Bxe7 Rxe7 16. Bc4 c6 17. Nd2 Nb6 18. Ndf3 Nxc4 19. Nxc4 Ne6 20. Nfe5
Nxd4 21. Qe3 b5 22. Na3 f6 23. g4 Rxe5 0-1

[Event "Accession Rochefort 2020"]
[Site "Palais des Congres Rochefort"]
[Date "2020.02.22"]
[Round "1.5"]
[White "Mallet, Denis"]
[Black "Di Bella, Thomas"]
[Result "1-0"]
[WhiteElo "1877"]
[BlackElo "1496"]
[PlyCount "79"]
[EventDate "2020.??.??"]
[WhiteTeam "La Rochelle Echecs"]
[BlackTeam "Echiquier Rochefortais"]

1. e4 Nf6 2. e5 Nd5 3. d4 d6 4. c4 Nb6 5. exd6 cxd6 6. Nc3 g6 7. Nf3 Bg7 8. Be3
Bg4 9. h3 Bxf3 10. Qxf3 Nc6 11. Qd1 d5 12. c5 Nc8 13. Bb5 O-O 14. Bxc6 bxc6 15.
O-O e6 16. Qd2 Qh4 17. Ne2 Qd8 18. b4 a6 19. a4 Ne7 20. Nc3 Nf5 21. Ne2 Nxe3
22. fxe3 e5 23. Rab1 Rb8 24. Qd3 Re8 25. Rb3 e4 26. Qc2 Rf8 27. Nc3 Qg5 28. Qe2
Bh6 29. Nd1 f5 30. Qxa6 f4 31. Qxc6 f3 32. Qe6+ Rf7 33. Qg4 Qe7 34. gxf3 Rf5
35. f4 Rff8 36. Kh2 Kh8 37. Rb2 g5 38. Rbf2 gxf4 39. exf4 Qc7 40. Kh1 1-0

[Event "Accession Rochefort 2020"]
[Site "Palais des Congres Rochefort"]
[Date "2020.02.22"]
[Round "2.1"]
[White "Viel, Jean-Marc"]
[Black "Giraud, Stephane"]
[Result "1/2-1/2"]
[WhiteElo "1640"]
[BlackElo "1943"]
[PlyCount "72"]
[EventDate "2020.??.??"]
[WhiteTeam "Cercle d'Ã©checs des Sables d'Olonne"]
[BlackTeam "Club d'Echecs de Marennes-Oleron"]

1. e4 e5 2. Nf3 Nc6 3. d4 exd4 4. Nxd4 Nf6 5. Nxc6 bxc6 6. e5 Qe7 7. Qe2 Nd5 8.
c4 Ba6 9. Qe4 Nb6 10. b3 d5 11. cxd5 Qb4+ 12. Qxb4 Bxb4+ 13. Bd2 Bxd2+ 14. Nxd2
Bxf1 15. Rxf1 cxd5 16. Rc1 Kd7 17. f4 Rae8 18. Nf3 a6 19. Rf2 Kc8 20. Rfc2 Re7
21. Kf2 Kb7 22. Nd4 g6 23. Rc6 Rc8 24. g4 g5 25. Nf5 Rd7 26. Rh6 gxf4 27. Kf3
d4 28. Kxf4 d3 29. Ke3 Re8 30. Kd2 Rxe5 31. Re1 Rxe1 32. Kxe1 Nd5 33. Kd2 Nb4
34. Rxh7 Nc2 35. Rh3 Nb4 36. a3 Nc6 1/2-1/2

[Event "Accession Rochefort 2020"]
[Site "Palais des Congres Rochefort"]
[Date "2020.02.22"]
[Round "2.2"]
[White "Neau, Julien"]
[Black "Vernet, Bruno"]
[Result "1-0"]
[WhiteElo "1940"]
[BlackElo "1629"]
[PlyCount "55"]
[EventDate "2020.??.??"]
[WhiteTeam "Echiquier Poitevin"]
[BlackTeam "La Rochelle Echecs"]

1. d4 d6 2. c4 e6 3. Nf3 Nd7 4. g3 b6 5. Bg2 Bb7 6. O-O h6 7. Nc3 g6 8. e4 Ne7
9. Be3 Bg7 10. Qd2 a6 11. Rac1 g5 12. d5 e5 13. h4 g4 14. Nh2 Nf6 15. b4 Ng6
16. c5 bxc5 17. bxc5 c6 18. dxc6 Bxc6 19. cxd6 Qd7 20. Rfd1 Nf8 21. Qb2 Ne6 22.
Nd5 Bxd5 23. exd5 Nd8 24. Qxe5+ Kf8 25. Qe7+ Qxe7 26. dxe7+ Kxe7 27. d6+ Ke8
28. Bxa8 1-0

[Event "Accession Rochefort 2020"]
[Site "Palais des Congres Rochefort"]
[Date "2020.02.22"]
[Round "2.3"]
[White "Prot, Ludovic"]
[Black "Fruteau, Sabine"]
[Result "0-1"]
[WhiteElo "1618"]
[BlackElo "1939"]
[Annotator "chris"]
[PlyCount "120"]
[EventDate "2020.??.??"]
[WhiteTeam "La Rochelle Echecs"]
[BlackTeam "Orcher la Tour"]

1. e4 d5 2. exd5 Qxd5 3. Nf3 Nf6 4. d4 Bg4 5. Be2 e6 6. O-O c6 7. c4 Qd8 8. Be3
Nbd7 9. Nc3 Be7 10. h3 Bxf3 11. Bxf3 O-O 12. Qc2 Qc7 13. Rfe1 Rfd8 14. Rad1 Nf8
15. Qc1 Ng6 16. Ne4 Nh4 17. Nxf6+ Bxf6 18. Be4 Qa5 19. a3 Nf5 20. Bd2 Qa4 21.
Bxf5 exf5 22. Bg5 Bxg5 23. Qxg5 Qxc4 24. Qxf5 Rxd4 25. Rxd4 Qxd4 26. Re7 Qd1+
27. Kh2 Qd6+ 28. Qe5 Qxe5+ 29. Rxe5 Kf8 30. Re3 Re8 31. Rb3 b6 32. Kg3 Re5 33.
Rc3 c5 34. f4 Rd5 35. Kf3 Ke7 36. b4 Kd6 37. g4 Rd4 38. bxc5+ bxc5 39. Ke3 Kc6
40. Rb3 Ra4 41. Rc3 Rd4 42. Rb3 Rd7 43. h4 c4 44. Rc3 Kc5 45. g5 Re7+ 46. Kf3
Kd4 47. Rc1 Re3+ 48. Kg4 c3 49. f5 Re2 50. Kf3 Rd2 51. h5 c2 52. g6 fxg6 53. h6
gxh6 54. f6 Ke5 55. f7 Rd8 56. Re1+ Kf6 57. Re8 Kxf7 58. Rxd8 c1=Q 59. Rd7+ Kf6
60. Rxh7 Qxa3+ 0-1

[Event "Accession Rochefort 2020"]
[Site "Palais des Congres Rochefort"]
[Date "2020.02.22"]
[Round "2.4"]
[White "Grandmougin, Olivier"]
[Black "Labarthe, Francois"]
[Result "1/2-1/2"]
[WhiteElo "1893"]
[BlackElo "1613"]
[PlyCount "85"]
[EventDate "2020.??.??"]
[WhiteTeam "Echiquier Commingeois"]
[BlackTeam "Echiquier Commingeois"]

1. e4 c5 2. c3 d5 3. exd5 Qxd5 4. d4 g6 5. Nf3 Bg7 6. Be3 Nf6 7. Be2 Ng4 8. Bf4
e5 9. dxe5 Qxd1+ 10. Bxd1 Nc6 11. O-O O-O 12. e6 Bxe6 13. Bd6 Rfd8 14. Bxc5
Nge5 15. Nbd2 Rd5 16. Be3 Rad8 17. Be2 Bg4 18. Nb3 Nxf3+ 19. gxf3 Bh3 20. Rfd1
b6 21. Rxd5 Rxd5 22. Rd1 Be6 23. Kg2 Ne5 24. Nd4 Bc8 25. Kg3 Bb7 26. f4 Nc6 27.
Nxc6 Bxc6 28. Rxd5 Bxd5 29. a4 Bb3 30. a5 bxa5 31. Bxa7 a4 32. Bc5 f5 33. Kf3
Kf7 34. Ke3 Ke6 35. Kd3 Kd5 36. Be3 Bc4+ 37. Kd2 Bxe2 38. Kxe2 Kc4 39. Kd2 Kb3
40. Bd4 Bxd4 41. cxd4 Kxb2 42. d5 a3 43. d6 1/2-1/2

[Event "Accession Rochefort 2020"]
[Site "Palais des Congres Rochefort"]
[Date "2020.02.22"]
[Round "2.6"]
[White "Diez, Ambre"]
[Black "Lebon, Sebastien"]
[Result "0-1"]
[WhiteElo "1874"]
[BlackElo "1609"]
[PlyCount "64"]
[EventDate "2020.??.??"]
[WhiteTeam "AGJA-Echiquier Aquitaine"]
[BlackTeam "Echiquier Bordelais"]

1. Nf3 Nf6 2. g3 b6 3. Bg2 Bb7 4. O-O e6 5. c4 c5 6. Nc3 Be7 7. b3 O-O 8. Bb2
Qc7 9. Nb5 Qd8 10. d4 a6 11. Nc3 d6 12. Qd2 Nbd7 13. Rad1 Qc7 14. Rfe1 Rac8 15.
e4 cxd4 16. Nxd4 Rfe8 17. h3 Ne5 18. Nde2 Ned7 19. Nf4 Qb8 20. Qe2 Rc7 21. Rd2
Rec8 22. Na4 e5 23. Nd5 Bxd5 24. exd5 b5 25. cxb5 axb5 26. Nc3 Rxc3 27. Bxc3
Rxc3 28. Rc2 Rxc2 29. Qxc2 b4 30. Qc6 Bd8 31. Rc1 Bb6 32. Qb5 Bxf2+ 0-1

[Event "Accession Rochefort 2020"]
[Site "Palais des Congres Rochefort"]
[Date "2020.02.22"]
[Round "3.1"]
[White "Tortorici, Richard"]
[Black "Neau, Julien"]
[Result "1/2-1/2"]
[WhiteElo "1703"]
[BlackElo "1940"]
[PlyCount "79"]
[EventDate "2020.??.??"]
[WhiteTeam "Echiquier Rochefortais"]
[BlackTeam "Echiquier Poitevin"]

1. e4 d6 2. d4 Nf6 3. Nc3 g6 4. Bc4 Bg7 5. h3 Nc6 6. Nf3 Nxe4 7. Bxf7+ Kxf7 8.
Nxe4 Rf8 9. O-O d5 10. Ng3 Kg8 11. Re1 Qd6 12. c3 Bd7 13. Qe2 e5 14. dxe5 Nxe5
15. Nxe5 Bxe5 16. Nf1 Rae8 17. Qd1 c5 18. Bh6 Rf7 19. f4 Bxf4 20. Rxe8+ Bxe8
21. Bxf4 Rxf4 22. Ne3 Bc6 23. Qd2 d4 24. Rd1 Qe5 25. Ng4 Qc7 26. Qe2 h5 27.
Qe6+ Kg7 28. Qe5+ Qxe5 29. Nxe5 Bb5 30. cxd4 Rxd4 31. Rxd4 cxd4 32. Kf2 Kf6 33.
Nf3 d3 34. Ke3 b6 35. Ne1 Ke5 36. Nxd3+ Bxd3 37. Kxd3 Kf4 38. Ke2 g5 39. Kf2
Ke4 40. Ke2 1/2-1/2

[Event "Accession Rochefort 2020"]
[Site "Palais des Congres Rochefort"]
[Date "2020.02.22"]
[Round "3.2"]
[White "Mallet, Denis"]
[Black "Marsaud, William"]
[Result "1-0"]
[WhiteElo "1877"]
[BlackElo "1702"]
[PlyCount "81"]
[EventDate "2020.??.??"]
[WhiteTeam "La Rochelle Echecs"]
[BlackTeam "La Rochelle Echecs"]

1. e4 e5 2. Nf3 Nc6 3. Bc4 Nf6 4. Nc3 Nxe4 5. Bxf7+ Kxf7 6. Nxe4 d5 7. Neg5+
Kg8 8. d4 h6 9. Nh3 Bg4 10. dxe5 Nxe5 11. Nhg1 g5 12. h3 Nxf3+ 13. Nxf3 Qe7+
14. Be3 Bxf3 15. Qxf3 c6 16. O-O-O Rh7 17. Rhe1 Qf7 18. Qg3 d4 19. Bxd4 Qxa2
20. Qb3+ Qxb3 21. cxb3 Rd7 22. Be3 Rf7 23. Rd3 b6 24. Red1 Bg7 25. Rd8+ Rxd8
26. Rxd8+ Kh7 27. Kc2 c5 28. Rd1 Re7 29. Rd2 Rc7 30. Kb1 Re7 31. Kc2 Be5 32.
Kc1 Kg6 33. Rd3 a5 34. g3 Re6 35. Bd2 Bd4 36. f3 Re2 37. Bc3 Re3 38. Kd2 Rxd3+
39. Kxd3 Bf2 40. g4 h5 41. Kc4 1-0

[Event "Accession Rochefort 2020"]
[Site "Palais des Congres Rochefort"]
[Date "2020.02.22"]
[Round "3.3"]
[White "Daignieres, Pierre"]
[Black "Constantin, Francois"]
[Result "1/2-1/2"]
[WhiteElo "1694"]
[BlackElo "1854"]
[PlyCount "67"]
[EventDate "2020.??.??"]
[WhiteTeam "Fontainebleau-Avon"]
[BlackTeam "Echiquier VÃ©sulien"]

1. d4 f5 2. g3 Nf6 3. Bg2 e6 4. c4 Bb4+ 5. Bd2 Qe7 6. a3 Bxd2+ 7. Nxd2 d6 8.
Nh3 e5 9. dxe5 dxe5 10. O-O O-O 11. Qb3 Nc6 12. Qc3 a5 13. e3 a4 14. Rad1 Bd7
15. Ng5 Rae8 16. Ngf3 Nd8 17. Rfe1 Bc6 18. Nh4 Bxg2 19. Nxg2 Nc6 20. Qc2 e4 21.
Re2 Ne5 22. Ne1 Rd8 23. f4 Nd3 24. Nf1 Nc5 25. Red2 Nb3 26. Rxd8 Rxd8 27. Rxd8+
Qxd8 28. Kf2 Qd6 29. Ke2 Kf7 30. Nd2 Nc5 31. Qc3 Ke7 32. Qc2 Kf7 33. Qc3 Qe7
34. Qc2 1/2-1/2

[Event "Accession Rochefort 2020"]
[Site "Palais des Congres Rochefort"]
[Date "2020.02.22"]
[Round "3.4"]
[White "Baron, Daniel"]
[Black "Poplin, David"]
[Result "1-0"]
[WhiteElo "1837"]
[BlackElo "1690"]
[PlyCount "95"]
[EventDate "2020.??.??"]
[WhiteTeam "C.E. de Magnanville"]
[BlackTeam "Club d'Echecs de la Bruffiere"]

1. d4 d5 2. c4 c6 3. Nc3 Nf6 4. Nf3 dxc4 5. a4 Bf5 6. Ne5 e6 7. f3 h6 8. e4 Bh7
9. Bxc4 Bd6 10. Nd3 Bc7 11. Be3 Nbd7 12. O-O O-O 13. Qd2 Ne8 14. b4 Nd6 15. Bb3
Nb6 16. Nb2 Qh4 17. g3 Qe7 18. a5 Nd7 19. Rac1 Nb8 20. Nd3 Nd7 21. Na4 Nb5 22.
Nac5 Nxc5 23. Nxc5 Bd6 24. Ba4 Bxc5 25. Rxc5 Nc7 26. Rfc1 Rac8 27. b5 f5 28.
bxc6 b6 29. axb6 axb6 30. Re5 fxe4 31. fxe4 Qa3 32. Bd1 Qd6 33. Bg4 Rcd8 34.
Qa2 Rfe8 35. Qb2 Rb8 36. Bf4 Qd8 37. d5 g5 38. Bd2 exd5 39. exd5 Qd6 40. Rce1
Qc5+ 41. Kg2 Bg6 42. Bb4 Qc4 43. Be2 Qc2 44. Qxc2 Bxc2 45. Bg4 Rbd8 46. Rxe8+
Nxe8 47. Be7 Ra8 48. d6 1-0

[Event "Accession Rochefort 2020"]
[Site "Palais des Congres Rochefort"]
[Date "2020.02.22"]
[Round "4.1"]
[White "Rocq, Christian"]
[Black "Mallet, Denis"]
[Result "1-0"]
[WhiteElo "1739"]
[BlackElo "1877"]
[PlyCount "103"]
[EventDate "2020.??.??"]
[WhiteTeam "La Rochelle Echecs"]
[BlackTeam "La Rochelle Echecs"]

1. d4 d5 2. c4 e6 3. Nc3 Nf6 4. cxd5 exd5 5. Bg5 c6 6. e3 Be7 7. Bd3 Nbd7 8.
Qc2 O-O 9. Nge2 h6 10. Bh4 Re8 11. O-O Ne4 12. Bxe7 Qxe7 13. Rae1 Nb6 14. f3
Nf6 15. Ng3 Be6 16. Nce2 c5 17. dxc5 Rac8 18. b4 a5 19. a3 axb4 20. axb4 Nc4
21. Nd4 b6 22. Nxe6 fxe6 23. Bxc4 dxc4 24. Qxc4 bxc5 25. b5 Kh8 26. e4 Qd6 27.
Rd1 Qb6 28. Ne2 Rb8 29. Nc3 Re7 30. f4 Rd7 31. Rxd7 Nxd7 32. Ra1 Qd6 33. Rd1
Qe7 34. e5 Nb6 35. Qd3 c4 36. Qd6 Rb7 37. Qxe7 Rxe7 38. Rd6 Nd5 39. Nxd5 exd5
40. Rxd5 c3 41. Rc5 Rb7 42. e6 g6 43. Rxc3 Kg7 44. Re3 Kf8 45. Re5 Ke7 46. Kf2
Rb6 47. Ke3 Rd6 48. g4 Rd1 49. f5 g5 50. Rc5 Rd8 51. Ke4 Rd1 52. Rc7+ 1-0

[Event "Accession Rochefort 2020"]
[Site "Palais des Congres Rochefort"]
[Date "2020.02.22"]
[Round "4.2"]
[White "Garrigue, Julian"]
[Black "Baron, Daniel"]
[Result "1/2-1/2"]
[WhiteElo "1734"]
[BlackElo "1837"]
[PlyCount "76"]
[EventDate "2020.??.??"]
[WhiteTeam "Marseille-Echecs"]
[BlackTeam "C.E. de Magnanville"]

1. e4 e6 2. d4 d5 3. e5 c5 4. c3 Qb6 5. Nf3 Nc6 6. Be2 Nh6 7. Bxh6 Qxb2 8. Be3
Qxa1 9. Qb3 c4 10. Qc2 Ba3 11. Bd1 Qb2 12. Qxb2 Bxb2 13. Kd2 b5 14. Kc2 Ba1 15.
Na3 b4 16. cxb4 c3 17. Kb1 Bb2 18. Ba4 Bd7 19. Nb5 O-O 20. Nc7 Rac8 21. Na6
Nxe5 22. Nxe5 Bxa4 23. Nc5 Be8 24. Bc1 f6 25. Ned3 Bg6 26. Kc2 e5 27. Bxb2 cxb2
28. Kxb2 Bxd3 29. Nxd3 Rc4 30. dxe5 fxe5 31. f3 e4 32. fxe4 dxe4 33. Kb3 Rd4
34. Nc5 e3 35. Ne6 Rd3+ 36. Kc4 e2 37. Re1 Rd1 38. Rxe2 Re8 1/2-1/2

[Event "Accession Rochefort 2020"]
[Site "Palais des Congres Rochefort"]
[Date "2020.02.22"]
[Round "4.3"]
[White "Bustos Salinas, Thomas"]
[Black "Maruejols, Claude"]
[Result "0-1"]
[WhiteElo "1720"]
[BlackElo "1832"]
[PlyCount "115"]
[EventDate "2020.??.??"]
[WhiteTeam "AGJA-Echiquier Aquitaine"]
[BlackTeam "L'Echiquier du Roy RenÃ©"]

1. d4 Nf6 2. c4 c5 3. d5 d6 4. Nc3 g6 5. e4 Bg7 6. f4 O-O 7. Nf3 Bg4 8. h3 Bxf3
9. Qxf3 Nbd7 10. Bd3 e6 11. O-O exd5 12. cxd5 a6 13. a4 Qc7 14. Bd2 Rab8 15.
Rac1 c4 16. Ne2 b5 17. axb5 axb5 18. b3 Qa7+ 19. Be3 Qa3 20. Bb1 Qxb3 21. Nd4
Qa4 22. Nc6 Rbe8 23. Bd4 Nb8 24. e5 Nfd7 25. e6 fxe6 26. Bxg7 Kxg7 27. Nxb8
Qa7+ 28. Kh1 Qxb8 29. dxe6 Rxe6 30. Rce1 Rfe8 31. Rxe6 Rxe6 32. f5 Rf6 33. g4
Ne5 34. Qd5 g5 35. Be4 Qe8 36. Re1 Nd3 37. Re3 Nf2+ 38. Kg1 Nxe4 39. Rxe4 Qd7
40. Qd2 h6 41. Qb2 Qc6 42. Re6 Qc5+ 43. Kh2 c3 44. Re7+ Rf7 45. Qe2 Qc4 46.
Qxc4 bxc4 47. Re3 Rb7 48. Rxc3 Rb2+ 49. Kg1 d5 50. Rc1 Kf6 51. Kf1 Rb3 52. Ke2
Rxh3 53. Rd1 Rg3 54. Rxd5 Rxg4 55. Rd6+ Kg7 56. Rd7+ Kf6 57. Rd6+ Kxf5 58. Rxh6
0-1

[Event "Accession Rochefort 2020"]
[Site "Palais des Congres Rochefort"]
[Date "2020.02.22"]
[Round "4.4"]
[White "Pascal, Jonathan"]
[Black "Barbotte, Jeanne"]
[Result "0-1"]
[WhiteElo "1802"]
[BlackElo "1670"]
[PlyCount "100"]
[EventDate "2020.??.??"]
[WhiteTeam "Echiquier Niortais"]
[BlackTeam "Echiquier Niortais"]

1. e4 c5 2. Nf3 g6 3. d4 cxd4 4. Nxd4 Bg7 5. c4 Nc6 6. Be3 Nf6 7. Nc3 O-O 8.
Be2 d6 9. O-O Bd7 10. Rc1 Nxd4 11. Bxd4 Bc6 12. Qd3 a5 13. b3 Nd7 14. f4 Bxd4+
15. Qxd4 Nc5 16. Nd5 Bxd5 17. exd5 Qb6 18. Kh1 a4 19. Rc3 axb3 20. axb3 Ra3 21.
Bd1 Qb4 22. Rh3 Ra2 23. Qe3 Rfa8 24. f5 Qd2 25. Qxd2 Rxd2 26. fxg6 hxg6 27. Re3
Ra1 28. Be2 Rxe2 29. Rxa1 Rxe3 30. b4 Nb3 31. Ra8+ Kg7 32. Kg1 Re1+ 33. Kf2 Rc1
34. Rc8 b5 35. c5 dxc5 36. bxc5 Rxc5 37. Rd8 Nd4 38. Ke3 Nf5+ 39. Kd3 b4 40.
Rd7 Kf6 41. g4 Nd6 42. g5+ Kxg5 43. Rxe7 Rxd5+ 44. Kc2 Kf6 45. Re2 Nb5 46. Rf2+
Rf5 47. Rd2 Rf4 48. Kb3 Nd4+ 49. Kb2 Ke5 50. Rg2 Re4 0-1

[Event "Accession Rochefort 2020"]
[Site "Palais des Congres Rochefort"]
[Date "2020.02.22"]
[Round "4.5"]
[White "Giraud, Stephane"]
[Black "Lebon, Sebastien"]
[Result "1-0"]
[WhiteElo "1943"]
[BlackElo "1609"]
[PlyCount "71"]
[EventDate "2020.??.??"]
[WhiteTeam "Club d'Echecs de Marennes-Oleron"]
[BlackTeam "Echiquier Bordelais"]

1. e4 e6 2. d4 d5 3. Nc3 Nf6 4. e5 Nfd7 5. f4 c5 6. Nf3 Nc6 7. Be3 cxd4 8. Nxd4
Bc5 9. Qd2 O-O 10. Be2 Bxd4 11. Bxd4 f6 12. exf6 Nxf6 13. O-O Ne4 14. Nxe4 dxe4
15. Rad1 Qc7 16. Bc3 b5 17. Qd6 Qb6+ 18. Bd4 Nxd4 19. Qxd4 Qxd4+ 20. Rxd4 Bb7
21. Bxb5 Rad8 22. Rfd1 Rxd4 23. Rxd4 Rc8 24. Bc4 Bd5 25. b3 Kf7 26. Kf2 Kf6 27.
Ke3 h5 28. h3 h4 29. Bxd5 exd5 30. c4 dxc4 31. Rxc4 Rd8 32. Rxe4 Rd1 33. Rd4
Re1+ 34. Kf2 Ra1 35. Ra4 Rb1 36. Kf3 1-0

[Event "Accession Rochefort 2020"]
[Site "Palais des Congres Rochefort"]
[Date "2020.02.22"]
[Round "5.1"]
[White "Maruejols, Claude"]
[Black "Rocq, Christian"]
[Result "1-0"]
[WhiteElo "1832"]
[BlackElo "1739"]
[PlyCount "45"]
[EventDate "2020.??.??"]
[WhiteTeam "L'Echiquier du Roy RenÃ©"]
[BlackTeam "La Rochelle Echecs"]

1. d4 Nf6 2. c4 g6 3. Nc3 Bg7 4. e4 d6 5. Nf3 O-O 6. h3 e5 7. d5 Nh5 8. Be3 f5
9. exf5 gxf5 10. Be2 f4 11. Bd2 Qe8 12. Ng5 Nf6 13. Bd3 Na6 14. Nce4 Nxe4 15.
Nxe4 Bf5 16. Qc2 Qg6 17. O-O-O c6 18. g4 fxg3 19. Rdg1 cxd5 20. Rxg3 Qe6 21.
Rhg1 Bg6 22. Ng5 Qe8 23. Nxh7 1-0

[Event "Accession Rochefort 2020"]
[Site "Palais des Congres Rochefort"]
[Date "2020.02.22"]
[Round "5.2"]
[White "Barbotte, Jeanne"]
[Black "Neau, Julien"]
[Result "1-0"]
[WhiteElo "1670"]
[BlackElo "1940"]
[PlyCount "105"]
[EventDate "2020.??.??"]
[WhiteTeam "Echiquier Niortais"]
[BlackTeam "Echiquier Poitevin"]

1. e4 d6 2. d4 Nf6 3. Nc3 g6 4. f4 Bg7 5. Nf3 O-O 6. Bd3 Na6 7. O-O c5 8. d5
Bg4 9. Qe1 Nb4 10. Qh4 c4 11. Bxc4 Nxc2 12. Rb1 Rc8 13. Bb3 Bxf3 14. Bxc2 Be2
15. Re1 Bc4 16. Re3 Bxa2 17. Ra1 Bc4 18. Rh3 h5 19. Bd1 Qb6+ 20. Kh1 Ng4 21.
Bxg4 Bf6 22. Qg3 hxg4 23. Qxg4 Qf2 24. Qd1 Bf1 25. Qf3 Qe1 26. Qe3 Bxc3 27.
bxc3 Be2+ 28. Qg1 Qxg1+ 29. Kxg1 a6 30. f5 Rc7 31. Bb2 Bc4 32. Rg3 Kg7 33. Re1
Kf6 34. Bc1 Kg7 35. Bf4 Rc5 36. Bg5 Rc7 37. Bf4 Rd8 38. Be3 e5 39. f6+ Kg8 40.
Bb6 Rdc8 41. Bxc7 Rxc7 42. h4 Bb5 43. h5 Rc4 44. Ree3 Be8 45. Rh3 Bd7 46. Rh2
g5 47. h6 Kh7 48. Rh5 g4 49. Rg5 Kxh6 50. Rg7 g3 51. Rxf7 Be8 52. Rg7 Bg6 53.
Rxg3 1-0

[Event "Accession Rochefort 2020"]
[Site "Palais des Congres Rochefort"]
[Date "2020.02.22"]
[Round "5.3"]
[White "Baron, Daniel"]
[Black "Giraud, Stephane"]
[Result "1/2-1/2"]
[WhiteElo "1837"]
[BlackElo "1943"]
[PlyCount "113"]
[EventDate "2020.??.??"]
[WhiteTeam "C.E. de Magnanville"]
[BlackTeam "Club d'Echecs de Marennes-Oleron"]

1. d4 Nf6 2. c4 g6 3. g3 Bg7 4. Bg2 O-O 5. Nc3 d6 6. Nf3 Nfd7 7. O-O c5 8. d5
Ne5 9. Nxe5 Bxe5 10. Bh6 Bg7 11. Bxg7 Kxg7 12. e4 f5 13. f4 a6 14. a4 Ra7 15.
e5 Nd7 16. Re1 b6 17. Re3 dxe5 18. fxe5 f4 19. gxf4 Rxf4 20. Qe2 Nf8 21. e6 Qd6
22. Rf1 Rxf1+ 23. Qxf1 Nxe6 24. dxe6 Bxe6 25. Bd5 Bf5 26. Qe2 Qf6 27. Ne4 Qd4
28. Ng5 e6 29. Be4 Re7 30. Kg2 Qf6 31. Nf3 Bg4 32. Qd2 e5 33. h3 Bd7 34. Rd3
Bxa4 35. Rd6 Qf7 36. Bd5 Qf5 37. Rxb6 e4 38. Nh4 Qe5 39. Qc3 Qd4 40. Qxd4+ cxd4
41. Kf1 d3 42. b3 Bd7 43. Rb7 Bxh3+ 44. Ke1 Rxb7 45. Bxb7 g5 46. Bxe4 gxh4 47.
b4 Bd7 48. Kd2 Kf6 49. Kxd3 Ke5 50. Ke3 h6 51. b5 axb5 52. cxb5 Bxb5 53. Ba8
Ba4 54. Bb7 Bd1 55. Kf2 Kf4 56. Kg2 Bg4 57. Kh2 1/2-1/2

[Event "Accession Rochefort 2020"]
[Site "Palais des Congres Rochefort"]
[Date "2020.02.22"]
[Round "5.4"]
[White "Moulin, Vincent"]
[Black "Fruteau, Sabine"]
[Result "1-0"]
[WhiteElo "1824"]
[BlackElo "1939"]
[PlyCount "71"]
[EventDate "2020.??.??"]
[WhiteTeam "Le Cavalier Fou Melun"]
[BlackTeam "Orcher la Tour"]

1. Nf3 Nf6 2. g3 g6 3. Bg2 Bg7 4. d3 d6 5. O-O O-O 6. e4 c5 7. c4 Nc6 8. Nc3 a6
9. a4 Bd7 10. h3 Rb8 11. Be3 Ne8 12. d4 cxd4 13. Nxd4 Nc7 14. f4 Nxd4 15. Bxd4
b5 16. Bxg7 Kxg7 17. cxb5 axb5 18. a5 Na6 19. b4 Kg8 20. Qd4 Bc6 21. Nd5 Bxd5
22. exd5 Qd7 23. Rfc1 Rfc8 24. Rc6 Rxc6 25. dxc6 Qc7 26. Re1 e6 27. h4 d5 28.
Rc1 Qd6 29. Qa7 Nxb4 30. c7 Rc8 31. Qb7 Qa6 32. Qb6 Qa8 33. Qxb5 Na6 34. Qb6
Nxc7 35. Rxc7 Rb8 36. Ra7 1-0

[Event "Accession Rochefort 2020"]
[Site "Palais des Congres Rochefort"]
[Date "2020.02.22"]
[Round "5.5"]
[White "Garnier, Bastien"]
[Black "Grandmougin, Olivier"]
[Result "0-1"]
[WhiteElo "1757"]
[BlackElo "1893"]
[PlyCount "49"]
[EventDate "2020.??.??"]
[WhiteTeam "La Tour de Germanicus"]
[BlackTeam "Echiquier Commingeois"]

1. f4 d5 2. Nf3 c5 3. d3 Nf6 4. c3 Nc6 5. Qc2 e6 6. e4 Be7 7. g3 b6 8. Be3 Bb7
9. Nbd2 O-O 10. Bg2 dxe4 11. dxe4 Ba6 12. c4 Nb4 13. Qc3 Qd3 14. Qxd3 Nxd3+ 15.
Ke2 Nxb2 16. Rhc1 b5 17. Ne5 bxc4 18. Ndxc4 Ng4 19. Nxg4 Nxc4 20. Bg1 Ne5+ 21.
Ke3 Nxg4+ 22. Kf3 Nf6 23. Bxc5 Bxc5 24. Rxc5 Nxe4 25. Ra5 0-1